[Event "RUS-Cup03 Geller Memorial"]
[Site "Moscow"]
[Date "1999.02.12"]
[Round "3"]
[White "Sretenskij, Nikolai V"]
[Black "Volodin, Alexey"]
[Result "1-0"]
[WhiteElo "2435"]
[BlackElo "2300"]
[Annotator "Tyomkin,D"]
[PlyCount "55"]
[EventDate "1999.02.10"]
[EventType "swiss"]
[EventRounds "9"]
[EventCountry "RUS"]
[SourceTitle "CBM 070"]
[Source "ChessBase"]
[SourceDate "1999.06.08"]
[SourceVersion "1"]
[SourceVersionDate "1999.06.08"]
[SourceQuality "1"]

1. d4 f5 2. Nc3 Nf6 3. Bg5 d5 4. e3 {Normally white plays 4.Bxf6 exf6 5.Bd3
and then Nf3,Nce2(preparing c2-c4) getting some advantage from the opening.} (
4. Bxf6 {Tyomkin,D} exf6 5. e3 Be6 6. Bd3 Nc6 7. Nce2 Qd7 $6 $146 8. c3 $14 Bf7
9. Nf3 Na5 10. Nd2 Be7 11. O-O O-O 12. Qc2 g6 13. c4 (13. b3 $5 {[%cal Gc3c4]}
b5 (13... Nc6 14. a3 {[%csl Yb4][%cal Gc3c4]}) 14. c4 bxc4 15. bxc4 c5 $1)
13... dxc4 (13... c5 $5 14. cxd5 (14. dxc5 Bxc5 15. cxd5 Qxd5 16. e4 fxe4 17.
Nxe4 Be7) 14... cxd4 15. exd4 Bxd5 16. Nc3 $14 {[%csl Rd4]}) 14. Nxc4 Nxc4 15.
Bxc4 $14 {1/2-1/2 Volkov,S-Malaniuk,V/Samara 1998/CBM 67_05/[Tyomkin,D] (37)
This pawn structure promises white permanent advantage.Black hasn't any
counterplay.}) 4... g6 $6 $146 (4... c6 5. Bd3 Na6 6. Nf3 Nc7 7. O-O g6 8. Ne2
Bg7 9. Bf4 O-O 10. c4 e6 11. Qc2 $14 {Chernin,A-Moser,G/Austria 1997/1-0(50)})
(4... e6 $5 5. Nf3 Be7 6. Ne2 (6. Bd3 {[%cal Gc3e2]}) 6... O-O 7. Nf4 Ne4 8.
Bxe7 Qxe7 9. a3 $6 (9. c3) 9... c5 $1 10. c4 $6 g5 11. Nd3 g4 12. Nfe5 cxd4 13.
exd4 dxc4 14. Nxc4 Nc6 $32 {with the strong initiative.Volkov,S-Zhang Zhong/
Elista RUS 1998/0-1(32)}) 5. Bd3 (5. Bxf6 $5 {-comparing with 4.Bxf6 white
gets extra tempo in development.Pherhaps white didn't want to change Bg5 at
all.}) 5... Bg7 6. Nf3 O-O 7. Ne2 {[%cal Gc2c4]} Be6 (7... Ne4 8. Bf4 {[%cal
Gc2c4,Gh2h4]} Be6 9. h4 (9. Be5 Bxe5 10. Nxe5 Qd6 $1 {[%cal Gb8d7]} (10... Nd7
11. Nf4 $16))) 8. h4 {[%cal Ge2f4,Yh4h5]} (8. Nf4 $5 Bf7 9. h4 {[%cal Gh4h5]}
h6 10. Bxf6 Bxf6 11. h5 g5 12. Ng6 Bxg6 13. hxg6 {[%csl Rf5,Rh6]} Bg7 14. c4
$14 {[%csl Rf5][%cal Gd1b3,Gd1c2]}) 8... Nh5 9. Nf4 $1 $16 {changing the main
defender!Now white's initiative on the kingside is really dangerous.} Nxf4 10.
Bxf4 c5 {looking for counterplay on the queenside and the center.} 11. h5 Qb6
12. Ng5 Nd7 (12... cxd4 13. exd4 Bxd4 14. hxg6 hxg6 (14... Bxf2+ $2 15. Kf1 {
[%cal Rd1e2]}) 15. Qf3 $1 {[%cal Gf3h3] with decisive attack for white.}) 13.
hxg6 (13. Nxh7 $2 Kxh7 14. hxg6+ Kg8 15. Qh5 Nf6) 13... hxg6 14. c3 Bf7 15. g4
$5 {[%csl Rf5,Rg6][%mdl 128] White starts an attack ignoring black threats.} e5
(15... fxg4 16. Rb1 $5 {[%cal Gd1g4]} (16. Qxg4 $6 Qxb2)) (15... Qxb2 16. gxf5
$40) 16. dxe5 Bxe5 17. gxf5 Bxf4 (17... Qxb2 18. Kf1 $1) 18. fxg6 $2 (18. Nxf7
$142 Rxf7 19. fxg6 Re7 20. Qf3 {[%csl Rd5,Rf4]} Qd6 21. O-O-O $18) 18... Bxg6
$4 {After this move black is hopeless.} (18... Bxg5 {Of course,black's
position looks very dangerous,but white doesn't have anything forced,like
after 18...Bxg6.} 19. Qh5 (19. gxf7+ Rxf7 20. Qh5 Bf6 21. O-O-O {[%cal Gd3h7,
Yd1d5] white keeps an initiative,but still there is nothing clear.}) 19... Bxg6
20. Qxg5 (20. Bxg6 {[%tqu "En","How can black get out of troubles?","White has
3 threats:Qh8x,Qh7x,Qxg5.","","g8g7","",10]} Kg7 $3 21. Qh7+ Kf6 22. f4 Qxb2 $1
$132 23. fxg5+ $140 Ke6) 20... Rf6 21. Qxd5+ (21. O-O-O Qe6 {[%cal Gd7e5,Gd7f8]
}) 21... Qe6 22. Qxe6+ Rxe6 23. Bc4 Rae8 24. O-O-O $14 {The material balance
in forthcoming ending would be R+2 pawns for 2 light pieces which gives white
chances for a win.}) 19. Bxg6 $18 {[%csl Rd5]} Bxg5 20. Qxd5+ Kg7 21. Qxd7+
Kxg6 22. O-O-O {[%csl Rg6][%cal Rd1d6]} Rad8 23. Qh7+ Kf6 24. f4 Rxd1+ 25. Rxd1
Bxf4 26. exf4 Rf7 (26... Qe6 27. f5 $1) 27. Qh8+ Ke7 28. Re1+ 1-0

[Event "Olympiad-33"]
[Site "Elista"]
[Date "1998.10.09"]
[Round "10.2"]
[White "Bareev, Evgeny"]
[Black "Onischuk, Alexander"]
[Result "1-0"]
[WhiteElo "2690"]
[BlackElo "2630"]
[Annotator "Tyomkin,D"]
[PlyCount "97"]
[EventDate "1998.09.29"]
[EventType "team-swiss"]
[EventRounds "13"]
[EventCountry "RUS"]
[SourceTitle "CBM 068"]
[Source "ChessBase"]
[SourceDate "1999.02.01"]
[SourceVersion "1"]
[SourceVersionDate "1999.02.01"]
[SourceQuality "1"]
[WhiteTeam "Russia"]
[BlackTeam "Ukraine"]
[WhiteTeamCountry "RUS"]
[BlackTeamCountry "UKR"]

1. d4 f5 2. Nc3 d5 3. Bf4 Nf6 4. e3 c6 5. Nf3 (5. Bd3 {I offer you some fresh
games in this line.In both examples white achived an advantage.} e6 (5... g6 6.
h4 Bg7 7. h5 Nxh5 8. Rxh5 gxh5 9. Qxh5+ Kf8 10. Bxf5 $40) 6. Nf3 Be7 7. O-O
Nbd7 (7... O-O 8. Ne2 Ne4 9. c4 Bd7 10. Qb3 b6 11. Rfc1 g5 12. Bg3 Nxg3 13.
hxg3 Be8 14. Rc2 Nd7 15. cxd5 cxd5 16. Rac1 $16 {Georgiev,V-Vallejo Pons,F/
Elgoibar ESP 1998/1-0 (35)}) 8. Ne2 O-O 9. h3 Ne4 10. c4 Bf6 11. b4 Qe7 12. Qb3
g5 13. Bh2 $14 {Sokolov,I-Nikolic,P/Sremic Krsko 1998/EXT 99/1/2-1/2(42)}) 5...
Be6 (5... g6 $6 6. Bd3 Bg7 7. O-O (7. Ne2 Be6 8. Be5) 7... O-O 8. Ne2 $14 Ne4
9. c4 Kh8 $6 (9... e6) 10. Be5 e6 11. b4 Nd6 12. Bxg7+ (12. Qb3 Bxe5 13. Nxe5
Nd7 $14) 12... Kxg7 13. Qb3 Nd7 14. a4 Qf6 15. cxd5 exd5 16. b5 $16 {Khalifman,
A-Topalov,V/Las Palmas 1993/1-0(23)}) (5... e6 6. Bd3 {-5.Bd3}) 6. Bd3 g6 7. h4
{[%cal Rh4h5]} h6 $1 (7... Bg7 $6 8. h5 (8. Ng5 $5) 8... Nbd7 (8... Nxh5 9.
Rxh5 gxh5 10. Ng5 Kd7 (10... Bg8 11. Qxh5+ Kf8 12. Bxf5 $16) 11. Qxh5 Qe8 12.
Qh3 Bg8 $6 (12... Qg6 $5 13. Nxe6 Kxe6 14. e4 dxe4 15. Nxe4 $16) 13. Be5 $1 (
13. Qxf5+ {Nesis,G-Petrov,V/cr,1992/1-0(24)}) 13... Bxe5 14. Qxf5+ e6 15. Qxe5
$18) 9. Ng5 Bg8 10. h6 Bf8 11. Qd2 e6 12. O-O-O Qe7 13. f3 $16 {[%cal Ge3e4]
Sakaev,K-Kobalija,M/St Petersburg Chigorin (1 1994/1-0(25)}) 8. Ne5 Rg8 9. f3
Nbd7 10. Ne2 $146 (10. g4 $6 Nxe5 11. dxe5 Nd7 12. h5 Bg7 $15 {Almasi,I-Hoang
Thang Trang/FSGM Dec, Budapest HUN 1997/0-1(29)}) 10... Nh5 {I guess many
players were moving the bishop in this position,but Bareev chooses other way.}
(10... Nxe5 11. Bxe5 Nd7 12. Bg3 {[%cal Gh4h5,Ge3e4]}) 11. c3 $5 (11. Bh2 Nxe5
12. Bxe5 Bg7 $14) 11... Nxf4 12. exf4 {[%csl Yf5,Yg6][%cal Gg2g4] That was the
idea.White has complete control over the center.The next plan is to destroy
black's kingside by g2-g4.} h5 {[%csl Yg4][%cal Gf8h6]} 13. Qc2 {[%cal Gg2g4]}
(13. g4 $2 Nxe5 14. fxe5 fxg4 15. Nf4 Qd7 $1 16. Nxg6 (16. Bxg6+ Rxg6 17. Nxg6
Bh6 {[%csl Rg6]}) 16... Bh6 {[%csl Rg6]}) 13... Bh6 14. g4 Nxe5 15. fxe5 hxg4
16. fxg4 fxg4 17. Bxg6+ Kd7 18. O-O g3 $1 {[%cal Gg3g2] This is the best
chance.Otherwise white simply plays Ng3.} 19. Bf5 Bxf5 20. Qxf5+ Kc7 21. Kg2
Qd7 {[%mdl 4096]} 22. Qxd7+ Kxd7 23. Rf3 Rg4 24. Kh3 $6 (24. Rh1 $142 $5 Rag8
25. Rxg3 (25. Rh3 Re4 26. Nxg3 c5 27. dxc5 (27. Kf2 cxd4 28. Nxe4 dxe4 29. Rfg3
Rf8+) 27... Rxe5 $44) 25... Rxg3+ 26. Nxg3 Bf4 27. Kf3 $1 (27. Rh3 $6 Bc1)
27... Bxg3 (27... Rf8 28. Kg4 $18) 28. Rg1 Rf8+ 29. Kxg3 Rg8+ 30. Kf2 {white
should win in this ending.}) 24... Rag8 25. Rxg3 Rxg3+ 26. Nxg3 Rf8 27. Re1 c5
$2 (27... Ke6 $142 $1) (27... e6 $2 28. Nh5 {[%cal Gh5f6]} Rf2 $140 $2 29. Nf6+
{[%cal Gf6g4]}) (27... Rf2 28. Re2) 28. dxc5 Kc6 29. Kg4 $1 {[%mdl 2048]} Rg8+
(29... Rf4+ 30. Kh5 Bg7 31. Kg5) (29... e6 30. Ne2 {[%cal Ge2d4]}) 30. Kh5 Rxg3
31. Kxh6 Kxc5 32. Re2 $2 {White loses a tempo.} (32. h5 Rg2 33. Kh7 Rxb2 34.
Rg1 $1 Rxa2 (34... d4 35. cxd4+ Kxd4 36. e6 {-34...Ra2}) 35. h6 d4 36. cxd4+
Kxd4 37. e6 $1 $18) 32... b5 33. h5 a5 $2 {losing a tempo back.} (33... b4 $142
34. Rc2 $1 (34. cxb4+ Kxb4 {[%cal Gd5d4] o^d})) 34. Kh7 Kc4 (34... b4 35. Rc2
$1) 35. Rf2 b4 36. Rf4+ Kc5 37. h6 bxc3 (37... Rg2 38. Rh4 $1 (38. Kh8 $2 Rxb2
39. cxb4+ axb4) 38... bxc3 (38... Rxb2 39. cxb4+ axb4 40. Kg7 Rxa2 41. h7 Ra8
42. h8=Q Rxh8 43. Rxh8 b3 44. Kf7 d4 45. Kxe7 d3 46. Rh2 Kc4 47. e6 Kc3 48. Kf7
d2 49. Rh1 $18) 39. bxc3 Kc6 40. Rd4 $1 $18) 38. bxc3 Kc6 39. Kh8 Kd7 40. c4 (
40. h7 Ke6 41. Rf8 Kxe5 42. Rg8 Rxc3 43. Kg7 Rh3 44. h8=Q $18) 40... Ke6 41.
cxd5+ Kxd5 (41... Kxe5 42. Rf7 e6 43. d6 $1 Kxd6 44. h7 $18 {[%cal Gf7g7]}) 42.
Rf8 (42. h7 $2 Ke6 43. Rf8 Rc3 44. Rg8 Kf7) 42... Kxe5 (42... Ke6 43. Rg8 Rc3
44. Rg6+ Kf7 45. Kh7 $1 {[%cal Ge5e6]}) 43. h7 Rg2 44. Rg8 Rxa2 45. Kg7 Rh2 46.
h8=Q Rxh8 47. Rxh8 a4 (47... Kd4 48. Kg6 Kc3 49. Ra8 Kb4 50. Kf5 a4 51. Ke4 $18
) 48. Kg6 a3 49. Ra8 1-0

[Event "Elgoibar 07th"]
[Site "Elgoibar"]
[Date "1997.12.01"]
[Round "6"]
[White "Matamoros Franco, Carlos S"]
[Black "Vallejo Pons, Francisco"]
[Result "1/2-1/2"]
[WhiteElo "2470"]
[BlackElo "2415"]
[Annotator "Tyomkin,D"]
[PlyCount "96"]
[EventDate "1997.11.26"]
[EventType "tourn"]
[EventRounds "9"]
[EventCountry "ESP"]
[EventCategory "10"]
[SourceTitle "CBM 063"]
[Source "ChessBase"]
[SourceDate "1998.03.26"]
[SourceVersion "1"]
[SourceVersionDate "1998.03.26"]
[SourceQuality "1"]

1. d4 f5 2. Nc3 d5 3. Bg5 c6 4. Qd2 $6 (4. e4 $1 {In my opinion white gets
advavtage after this move.Tyomkin,D} fxe4 (4... dxe4 {Poluliakhov,A} 5. f3 Qb6
6. Qd2 (6. fxe4 Qxb2 7. Nge2 $44) (6. Rb1 $5) 6... Qxb2 7. Rb1 e3 $5 (7... Qa3
8. fxe4 $44) 8. Qxe3 Qa3 (8... Qxc2 $2 9. Rc1 Qb2 10. Nb5 $1 Kd8 (10... Kd7 11.
d5 $1) 11. Nd6) 9. Bc4 $44 {Poluliakhov,A-Glek,I/USSR 1990/1-0(52)}) 5. f3 Nf6
6. fxe4 (6. Bxf6 $6 exf6 7. fxe4 dxe4 8. Nxe4 Be6 9. Qe2 Qe7 10. O-O-O Nd7 11.
Re1 O-O-O 12. Nc3 Re8 13. Qf2 Qf7 $17 {Zarubin,P-Chuprikov,D/URS-sf Voronez
1991/0-1 (62)}) 6... dxe4 7. Bc4 Bg4 $142 $5 (7... Bf5 $146 {Tyomkin,D} 8. Nge2
Nbd7 9. O-O Nb6 10. Bb3 Qd7 11. Ng3 $36 {@ Bauer,C-Tseitlin,M/Bad Zwesten op
1997/1-0(25)}) (7... Nbd7 8. Qe2 (8. Nge2 Nb6 9. Bb3 Bg4 $13) 8... Qa5 9. Bd2
Qf5 10. Nh3 Nb6 11. Bb3 $16 {@ Popchev,M-Panbukchian,V/BUL-ch 1994/1/2-1/2(26)}
) 8. Qd2 (8. Nge2 $5 Nbd7 9. Bb3 Nb6 $13) 8... Nbd7 9. h3 Nb6 10. Bb3 Bh5 11.
Nge2 h6 12. Be3 $2 (12. Bxf6 exf6 13. Nxe4) 12... Nbd5 13. Ng3 Bg6 14. Nce2
Nxe3 15. Qxe3 Nd5 16. Qf2 e6 17. Nf4 Qf6 $17 {Litus,V-Malaniuk,V/Katowice op
1991/0-1(29)}) (4. Qd3 $5 Na6 5. f3 Qa5 6. Qd2 Nf6 7. a3 $5 (7. e4 $6 fxe4 8.
Nxe4 Qxd2+ 9. Nxd2 Nb4 $10) 7... b5 $5 (7... g6 8. e4 $14) 8. e4 fxe4 (8... b4
{>=} 9. Na2 fxe4 10. Bxa6 Bxa6 11. axb4 Qb6 12. Nc3 $13 {Glek,I}) 9. Nxe4 Qxd2+
(9... b4 10. Bxa6 $14) 10. Nxd2 Bd7 11. Nb3 e6 {/\ c5} 12. a4 $1 Nb4 13. Kd1
bxa4 14. Nc5 Bxc5 15. dxc5 a5 16. Rxa4 d4 $8 17. Bd2 O-O $6 (17... Ke7 18. Nh3
e5 19. Nf2 $14) 18. Bc4 $1 Kh8 19. Nh3 e5 20. Ng5 $1 $16 {+/- Glek,I-Fishbein,
A/Philadelphia 1990}) (4. e3 {-the main continuation}) 4... h6 $1 $146 {
Of course,the right move in this position.Now white cann't push e2-e4 so
easily.} (4... Qb6 $6 {Tyomkin,D} 5. O-O-O Nd7 6. f3 {[%cal Ge2e4]} e5 (6...
Ndf6 7. e4 fxe4 8. fxe4 Bg4 9. Be2 Bxe2 10. Ngxe2 dxe4 11. Nf4 $5 {[%cal Gf4e6]
} (11. Ng3) 11... Kf7 (11... h6 12. Ng6) 12. Qe2 (12. Rhe1 $16) 12... Qa6 13.
Qxa6 $16 {Musat,A-Grunberg,M/ROM-chT 1992/1/2-1/2(28)}) 7. dxe5 Nxe5 8. e4 fxe4
9. fxe4 Bg4 10. Re1 d4 11. Nd5 cxd5 12. exd5 Bd6 13. Bf4 $16 {Cichocki,A-Bany,
J/POL-ch Warszawa 1990/1/2-1/2 (64)}) (4... Nd7 {Tyomkin,D} 5. f3 Ngf6 6. e4
$36) 5. Bf4 Nf6 6. f3 e6 7. e3 (7. e4 $6 fxe4 (7... dxe4 8. fxe4 fxe4 (8... Bb4
9. exf5 Nd5 $5)) 8. fxe4 Bb4) 7... a6 {[%cal Gc6c5]} 8. Bd3 c5 9. dxc5 (9.
O-O-O $6 c4 10. Be2 Bb4) 9... Bxc5 $15 10. g4 (10. e4 O-O 11. O-O-O Nc6 $15)
10... O-O 11. O-O-O fxg4 12. h3 gxf3 13. Nxf3 Nh5 14. Ne5 Nxf4 (14... Nc6 15.
Ng6 Rf6 16. Qg2 Nxf4 {-leads to the same}) 15. exf4 Nc6 16. Ng6 Rf6 17. Qg2 $6
$17 Ne7 (17... Be3+ $5 18. Kb1 Bxf4 19. Nxf4 Rxf4 20. Qg6 Ne5 $1 (20... Qf6 $6
21. Qh7+ Kf7 22. Rhf1) 21. Qh7+ Kf7 22. Rhg1 (22. Rhf1 Nxd3) 22... Qf6 23. Be2
Nf3 $17) (17... Nb4 $17 {after changing Bd3 white's attack will be not so
dangerous.}) 18. Ne5 Rxf4 (18... Be3+ 19. Kb1 Bxf4 $17) 19. Rhg1 $1 {White
decided to sacrifice an exchange."There is nothing to lose"-he decides.And he
was right. How close was Vallejo Pons to the 3rd win in Dutch in this
tournament!} Bxg1 20. Rxg1 Qf8 21. Ng6 Nxg6 22. Qxg6 Rf6 23. Qh7+ Kf7 24. Be2 {
[%cal Ge2h5]} Ke7 $1 {Pherhaps the best solution.By giving back 2pawns black
gets out with the king from an attack and changes rooks.} (24... Qg8 $6 25.
Bh5+ Kf8 26. Qd3 {[%cal Gc3e4]}) 25. Rxg7+ Rf7 26. Rxf7+ Qxf7 27. Qxh6 Bd7 28.
Qh4+ Kd6 29. Qd4 {[%cal Gc3e4]} (29. Qb4+ Kc7) 29... Rf8 (29... Kc7 $1 30. Qe5+
Kc6 31. Na4 {[%cal Ge5c3]} Qf2 32. Qc3+ Kd6 33. Qb4+ Kc7 34. Qc3+ Bc6 35. Qe5+
Kd7 $19) 30. Ne4+ Kc7 31. Qe5+ Kd8 32. Qb8+ Bc8 33. Qd6+ Ke8 34. Qc5 Qf4+ 35.
Kd1 (35. Kb1 $4 Qf1+ 36. Bxf1 Rxf1#) 35... Qxe4 $4 {Black blundered in
time-trouble,I guess.} (35... Kd7 $142 36. Qd4 b6 $1 {[%csl Yc5]} 37. c4 Rf5
$19 (37... Qxe4 $6 38. Qg7+ Kc6 (38... Ke8 $1 39. Bh5+) 39. Qxf8 Qb1+ 40. Kd2
Qxb2+ $17)) (35... dxe4 36. Qxc8+ Kf7 37. Qxb7+ Kf6 38. Qb6 $1 e3 39. Qxa6 Rd8+
40. Kc1 $17) 36. Bh5+ Kd7 37. Qxf8 Qh1+ $2 (37... Qd4+ 38. Kc1 (38. Ke2 $4 Qe5+
) 38... Qg1+ 39. Bd1 (39. Kd2 Qg5+) 39... Qe3+ 40. Kb1 Qxh3 {with pawn up}) 38.
Kd2 Qh2+ 39. Kd1 Qh1+ 40. Kd2 Qg2+ 41. Kd1 Qxh3 42. Be8+ Kc7 43. Qe7+ Kb8 44.
Qd6+ Ka8 45. Qc7 $1 $11 Qg4+ 46. Kd2 Qd4+ 47. Ke2 Qe4+ (47... Qc4+ 48. Qxc4
dxc4 49. Ke3 Ka7 50. Kd4 b5 51. Kc5 $11) 48. Kd2 Qd4+ 1/2-1/2

[Event "Elgoibar 07th"]
[Site "Elgoibar"]
[Date "1997.12.03"]
[Round "8"]
[White "Romero Holmes, Alfonso"]
[Black "Vallejo Pons, Francisco"]
[Result "1-0"]
[WhiteElo "2465"]
[BlackElo "2415"]
[Annotator "Tyomkin,D"]
[PlyCount "57"]
[EventDate "1997.11.26"]
[EventType "tourn"]
[EventRounds "9"]
[EventCountry "ESP"]
[EventCategory "10"]
[SourceTitle "CBM 063"]
[Source "ChessBase"]
[SourceDate "1998.03.26"]
[SourceVersion "1"]
[SourceVersionDate "1998.03.26"]
[SourceQuality "1"]

1. d4 f5 2. Nc3 d5 3. Bg5 Nc6 $6 (3... c6 {-Vallejo Pons played against
Matomoros in6th round and got advantage with black from the opening.} 4. e4 $1
{In my opinion Vallejo Pons afreided this move.But anyway 3...c6 was better.} (
4. Qd2 $6 h6 $1 $146 {Matamoros Franco,C-Vallejo Pons,F/Elgoibar 1997/1/2-1/2
(48)})) 4. e3 g6 $146 (4... Qd7 $6 5. Qf3 (5. Nf3 $5 {[%cal Gf1b5]}) 5... e6 6.
h3 Bd6 7. a3 Nge7 8. Bd3 O-O 9. Bxe7 Qxe7 10. Nge2 Qf6 11. g4 fxg4 12. Qxf6
Rxf6 13. hxg4 h6 14. f4 $14 {V. Dinstuhl-N. Hoffmann/Augsburg DJM, SW 1992/1-0
(23)}) 5. Bb5 Nh6 {Black continues to play strangely.} 6. Nf3 Nf7 7. Bf4 Qd7 $6
(7... Bg7 {-was the way to finish development.But black doesn't care about it.}
) 8. Na4 e6 9. Nc5 Bxc5 10. dxc5 $16 {[%csl Rc8,Re5] white already got a solid
advantage.Black squares are totaly week without Bf8.And Bc8 is just "passive
spectator" in this game.} b6 $2 {[%cal Rb5e8] It is amazing how in 10moves
black destroyed his position!} 11. c4 $1 {The punishment is coming!} bxc5 $2 {
It looks like black has lost control this moment.Pherhaps the last mistake.} (
11... a6 $8 12. Bxc6 Qxc6 13. cxd5 Qxc5 (13... exd5 14. cxb6 cxb6 15. Rc1 $16)
14. O-O Qxd5 15. Qxd5 exd5 16. Bxc7 b5 $16 {[%csl Rc8] It's not good idea to
find in this analyse how white wins by force in this position.}) 12. cxd5 $18
exd5 13. Rc1 c4 14. b3 $1 {White continues with the right strategy-to open
position in any case.} Rb8 15. bxc4 dxc4 16. Qa4 $18 Rb6 17. Qxc4 $1 (17. Rd1
$6 a6 $1 18. Rxd7 axb5) 17... Bb7 18. O-O Kd8 {After this move white may
choose between a couple of ways to win on each move.} (18... O-O 19. Nd4 {
[%csl Rc6]}) 19. Rfd1 Nd6 20. Bxd6 ({or} 20. Ne5 Nxc4 (20... Nxe5 {[%tqu "En",
"Find the best","","","f4g5","",5]} 21. Bg5+ $1) 21. Rxd7+ Kc8 22. Bxc4) 20...
cxd6 21. Nd4 Kc7 22. Ba4 (22. Bxc6 {wasn't exact way.} Bxc6 23. Nb5+ Kb8 24.
Nxd6 Rd8) 22... Rc8 23. Nb5+ Kb8 24. Nxd6 Rd8 25. Nf7 ({or} 25. Nb5 Qe7 26.
Qf4+ Ka8 27. Rxd8+) 25... Qxd1+ 26. Bxd1 Rd7 27. Bf3 Rc7 28. Nd6 Ba6 29. Qg8+
1-0

[Event "Donetzk zt"]
[Site "Donetsk"]
[Date "1998.11.12"]
[Round "10"]
[White "Kruppa, Yuri"]
[Black "Malaniuk, Vladimir P"]
[Result "1-0"]
[WhiteElo "2570"]
[BlackElo "2590"]
[Annotator "Tyomkin,D"]
[PlyCount "59"]
[EventDate "1998.11.02"]
[EventType "swiss"]
[EventRounds "11"]
[EventCountry "UKR"]
[SourceTitle "CBM 068"]
[Source "ChessBase"]
[SourceDate "1999.02.01"]
[SourceVersion "1"]
[SourceVersionDate "1999.02.01"]
[SourceQuality "1"]

1. d4 {Meulders} f5 2. Nc3 d5 3. Bf4 e6 4. e3 Nf6 5. Bd3 Be7 {Meulders:
'Dieser Zug is ziemlich zurückhaltend. Sehr in Frage kommt m.E. 5...Bd6, wie
in ähnlichen Stonewallstellungen, z.B. nach 1.d4 f5 2.g3 Nf6 3.Bg2 d5 4.Nf3 e6
5.Bf4 Bd6.'} 6. Nf3 (6. Nce2 {Meulders} O-O 7. Nh3 c5 8. c3 Nc6 9. f3 Nd7 10.
Qd2 Kh8 11. Rd1 e5 $1 $15 {0-1 Heyken,E-Wiedenkeller,M/Copenhagen 1986/EXT 97 
(45)}) 6... O-O 7. O-O (7. h3 Ne4 (7... c5 $5) (7... c5 8. dxc5 Bxc5 9. Nb5 Nc6
10. O-O Nh5 11. c3 Nxf4 12. exf4 Qb6 13. b4 Be7 14. Qe2 $14 {1-0 Reilly,
T-Rechlis,G/Ostend 1993/TD (37)}) 8. Ne2 c5 9. c3 Nc6 10. Ne5 Bf6 $11 {
Serebrjanik,A-Malaniuk,V/Vrnjacka Banja 1991/0-1(45)} (10... Bf6 {Meulders} 11.
O-O Bxe5 12. Bxe5 Nxe5 13. dxe5 b6 14. f3 Ng5 15. Qe1 Qe7 16. Qg3 Bb7 17. Rad1
Rad8 18. Nf4 Kh8 19. Kh1 Nf7 20. Ne2 Rg8 21. Qh2 Qc7 22. f4 g5 $36 {0-1
Serebrjanik,A-Malaniuk,V/Vrnjacka Banja 1991/CBM 23 (45)})) (7. Ne5 {Meulders}
a6 8. f3 c5 9. Qd2 Nc6 10. O-O Nxe5 11. Bxe5 Nd7 12. Bg3 Bf6 13. Bf2 b5 14.
Rad1 Bb7 15. f4 c4 16. Be2 b4 $36 {1-0 From,S-Nielsen,T/DEN-chB 1989/EXT 97 
(42)}) 7... Bd7 $6 $146 {It wasn't good idea to transfer the bishop to-e8.In
few moves white gets solid advantage using weekness of the queenside. Meulders:
'In Stonewallstellungen kommt manchmal das Manöver Bd7-Be8-Bh5 vor, um sich
des schlechten Läufers zu entledigen.'} (7... c5 8. dxc5 Bxc5 9. Nb5 Nc6 10. c4
a6 11. Nbd4 Qe7 12. cxd5 Nxd5 13. Nxc6 bxc6 14. Be5 $14 {Nedobora,M-De Prado,O/
Linares 1994/1-0(32) Meulders: '1-0}) 8. Ne2 {The typical idea in this
structure to lead c2-c4.} Be8 9. c4 c6 (9... Bh5 $5 {Meulders}) 10. Qb3 $16 Qc8
(10... Qb6 11. Qxb6 axb6 12. Bxb8 $1 {That is the reason why black can not
change queens.} Rxb8 13. Nf4 {[%csl Re6][%cal Gf3g5] winning e6-pawn}) 11. cxd5
$1 {[%mdl 4] The right moment-black has to capture with the knight which leads
to clear whiet's advantage in the center.} Nxd5 {Meulders: 'Eigentlich möchte
Schwarz natürlich lieber mit dem f-P zurücknehmen aber dies scheitert an einem
einfachen taktischen Schlag.'} (11... exd5 $2 12. Bxf5 Qxf5 13. Qxb7 {'+-'
Meulders.}) (11... cxd5 12. Ne5 Nc6 13. Rfc1 $16) 12. Bg3 Nd7 13. Nd2 {[%cal
Gd2c4]} (13. Rac1 Bf7 (13... Bh5 14. Nd2) 14. Nc3 $16) 13... N7b6 (13... Bf7 {
Meulders} 14. Nc4 e5 {geht nicht weil den f-P hängt.}) ({Auf b6 steht ein
Springer fast immer schlecht} 13... N7f6 $5 {Meulders} 14. Nc4 Nh5) 14. h3 Bf7
{Meulders: '/\...e5 15.Be5? Nxe3'} 15. Nf3 Nb4 {Meulders: 'Jetzt droht wieder .
..e5, also hat Weiss keine Zeit den Bd3 weg zu spielen.'} 16. Ne5 Nxd3 17. Qxd3
{'+/=' Meulders.} Bf6 18. Qb3 Nd5 19. Rac1 Be7 $2 {Black simply doesn't know
what to do. Meulders: 'Schwarz hat keine Inspiration mehr; er muss abwarten
während Weiss in aller Ruhe seine Stellung verstärkt.'} (19... Bxe5 $142 $16)
20. a3 Bf6 21. Rc2 Bxe5 {Finally black decides to destroy this knight,but even
with opposite colour bishops black's position is really bed. Meulders: 'Also
doch. Weiss steht natürlich bequem besser und Schwarz hat den holländischen
Alptraum erreicht: keine Perspektive auf aktives Spiel und den grausamen
schwarzfeldrigen Eunuch.'} 22. Bxe5 Qd7 23. Nc1 Bg6 24. Re1 $1 {[%cal Gc1d3]
[%mdl 32] Profilactical move.} (24. Nd3 {was careless because of} f4) 24... f4
25. e4 f3 {looking for counterchances. Meulders: 'Lieber kämpfend untergehen
als tatenlos verschmachtet werden.'} 26. gxf3 $2 (26. Nd3 $1 $18) (26. exd5
Bxc2 27. Qxc2 exd5 {with some counterplay}) 26... Nf4 (26... Qf7 {Meulders} 27.
Nd3 Qxf3 28. Qxb7 Nf6 29. Re3 Qd1+ 30. Ne1 $18) 27. Qe3 {'!' Meulders.} Nd5 (
27... Nxh3+ 28. Kh2 Bh5 29. f4 Bg4 (29... Ng5 30. fxg5 Rf3 31. Qd2 $18) (29...
Nxf4 {Meulders} 30. Bxf4 e5 31. dxe5 Qg4 32. Bg3 Rf3 33. Qd4 $18) 30. Qg3 (30.
f3) 30... h5 31. f3 $18) 28. Qg5 Qf7 29. Kh2 $1 {[%cal Ge1g1,Ye4d5] '+/-'
Meulders.} Rad8 $4 {[%mdl 8192]} (29... Nb6 {[%cal Gb6d7]} 30. f4 Nd7 31. Bd6
$18 {[%cal Gc1d3,Yf2f3]}) 30. exd5 {'!' Meulders.} (30. exd5 Bxc2 31. dxe6 $18
{[%cal Ge6e7]} (31. dxe6 {Meulders} Qg6 $8 32. Qxg6 hxg6 33. e7 $18)) 1-0